| 000 | 01172cam a22003737a 4500 | ||
|---|---|---|---|
| 003 | CHAP | ||
| 005 | 20220817043536.0 | ||
| 008 | 990531d1998 it rn 00110 fre d | ||
| 010 | _a78052 | ||
| 011 | _a79024 | ||
| 020 | _a9252039643 | ||
| 035 | _a89147 | ||
| 040 | _cCHAP | ||
| 082 | 0 | 4 |
_a630 _bF3 v.125 |
| 110 | 2 | _aFAO | |
| 245 | 1 | 0 |
_aLes services d'information sur les marchés : _bthéorie et pratique _c/par Andrew E. Shepherd |
| 260 |
_aRome : _bFAO, _c1998. |
||
| 300 | _a66 p. | ||
| 410 | 2 | _aFAO | |
| 490 | 0 |
_aFAO. Servicios agrícolas _v; 125 |
|
| 590 |
_aBATCH-UPD _b10 _c20130110 _lUCH01 _h0816 |
||
| 590 |
_aBATCH-UPD _b10 _c20130410 _lUCH01 _h0454 |
||
| 590 |
_aBATCH-UPD _b10 _c20130914 _lUCH01 _h0109 |
||
| 590 |
_aCONVERSION _b10 _c20130109 _lUCH01 _h1343 |
||
| 650 | 1 | 4 |
_aAgricultura _xServicios de información. _91791 |
| 650 | 1 | 4 |
_aMercadeo _xSistemas de información. _974885 |
| 700 | 0 |
_aShepherd, Andrew W. _9105629 |
|
| 810 | 0 | _aFAO | |
| 830 | 0 | 0 |
_aFAO. Servicios agrícolas _v; 125 _939697 |
| 901 | _aBK | ||
| 905 | _aLilia Sánchez G. | ||
| 942 | _cLIBRO | ||
| 949 |
_a630 F3f v.125 _bBC _cFAO _d33724000724761 _eFAO1 _h95517 _i89147 _kDonaciØn _sb |
||
| 999 |
_c78052 _d78052 |
||